|
|
|
|
| LEADER |
00656nab a2200181 i 4500 |
| 001 |
acta18172 |
| 005 |
20210611100414.0 |
| 008 |
161015s1981 hu o 0|| hun d |
| 022 |
|
|
|a 0209-4304
|
| 040 |
|
|
|a SZTE Egyetemi Kiadványok Repozitórium
|b hun
|
| 041 |
|
|
|a hun
|
| 100 |
1 |
|
|a Veszprémi László
|
| 245 |
1 |
2 |
|a A tanárképzés korszerűsítésének kérdései
|h [elektronikus dokumentum] /
|c Veszprémi László
|
| 260 |
|
|
|c 1981
|
| 300 |
|
|
|a 161-167
|
| 490 |
0 |
|
|a A Juhász Gyula Tanárképző Főiskola tudományos közleményei
|
| 695 |
|
|
|a Neveléstudomány
|
| 856 |
4 |
0 |
|u http://acta.bibl.u-szeged.hu/18172/1/tanarkepzo_1981_1_161-167.pdf
|z Dokumentum-elérés
|